00826 2200253 4500001002100000005001500021035002000036007000300056008004100059020002200100082000800122084001400130100000900144245005100153250002000204260003100224300005100255650004600306700002700352700004000379700007700419700004000496856003600536INLIS00000000113772720220119105100 a0010-0122002849ta220119 g 0 ind  a978-602-241-613-5 a173 a173 AZI s0 aAziz1 a19 keys :bHappy-Healthy-Wealthy /cAbdul Aziz acetakan pertama aJakarta :bErlangga,c2013 avi,109 halaman :bTidak illustrasi ;c21x15 cm 4aKunci Hidup bahagia, sehat, dan Sejahtera0 aPenyunting; Khairunnas0 aKontributor; Abdulhaque Al-Bantanie0 aEditor; Andriasyah Syihabuddin, Andhika Prasetya Kusharsanto Al-Bantanie0 aDesain Sampul; Satrio Amal Budiawan aPerpustakaan Umum Kota Makassar